[Event "28th CRO-chT 1B-Men 2019"]
[Site "Mali Losinj"]
[Date "2019.10.06"]
[Round "9.6"]
[White "Grgurevic, Boris"]
[Black "Matanovic, Luka"]
[Result "1/2-1/2"]
[WhiteElo "2177"]
[BlackElo "2245"]
[Annotator "ChessBase"]
[PlyCount "97"]
[EventDate "2019.09.28"]
[EventType "team-tourn"]
[EventCountry "CRO"]
[SourceTitle "playchess.com"]
[Source "ChessBase"]
[SourceQuality "1"]
[TimeControl "40/5400+30:1800+30"]

1. e4 {[%emt 0:00:30]} e5 {[%emt 0:00:30]} 2. Nf3 {[%emt 0:00:00]} Nc6 {[%emt 0:00:00]} 3. d4 {[%emt 0:00:00]} exd4 {[%emt 0:00:00]} 4. Nxd4 {[%emt 0:00:00]} Nf6 {[%emt 0:00:30]} 5. Nxc6 {[%emt 0:00:00]} bxc6 {[%emt 0:00:00]} 6. e5 {[%emt 0:00:30]} Qe7 {[%emt 0:00:00]} 7. Qe2 {[%emt 0:00:30]} Nd5 {[%emt 0:01:30]} 8. Nd2 {[%emt 0:00:30]} g6 {[%emt 0:10:30]} 9. Nf3 {[%emt 0:02:30]} Bg7 {[%emt 0:02:30]} 10. Bd2 {[%emt 0:07:30]} Rb8 {[%emt 0:04:30]} 11. c4 {[%emt 0:06:30]} Nb6 {[%emt 0:04:30]} 12. b3 {[%emt 0:03:30]} O-O {[%emt 0:10:30]} 13. Bg5 {[%emt 0:07:30]} Qe6 {[%emt 0:02:30]} 14. Nd4 {[%emt 0:04:30]} Qxe5 {[%emt 0:02:30]} 15. Qxe5 {[%emt 0:00:00]} Bxe5 {[%emt 0:00:00]} 16. O-O-O {[%emt 0:00:00]} Bb7 {[%emt 0:06:00]} 17. c5 {[%emt 0:05:30]} Nd5 {[%emt 0:01:30]} 18. Bc4 {[%emt 0:00:30]} Nc3 {[%emt 0:04:30]} 19. Rd2 {[%emt 0:00:30]} d5 {[%emt 0:01:30]} 20. cxd6 {[%emt 0:00:30]} cxd6 {[%emt 0:01:30]} 21. Nf3 {[%emt 0:02:30]} Ne4 {[%emt 0:01:30]} 22. Nxe5 {[%emt 0:11:30]} dxe5 {[%emt 0:02:30]} 23. Be7 {[%emt 0:04:30]} Nxd2 {[%emt 0:07:30]} 24. Kxd2 {[%emt 0:00:00]} Rfe8 {[%emt 0:00:30]} 25. Bf6 {[%emt 0:00:00]} Bc8 {[%emt 0:01:30]} 26. Kc3 {[%emt 0:00:30]} Be6 {[%emt 0:02:30]} 27. Bxe5 {[%emt 0:00:30]} Rb7 {[%emt 0:00:30]} 28. f4 {[%emt 0:01:30]} Rd7 {[%emt 0:02:30]} 29. Ba6 {[%emt 0:03:30]} Rf8 {[%emt 0:04:30]} 30. Bf6 {[%emt 0:00:30]} Bd5 {[%emt 0:00:30]} 31. Rg1 {[%emt 0:00:30]} Re8 {[%emt 0:03:30]} 32. Be5 {[%emt 0:02:30]} f6 {[%emt 0:03:30]} 33. Bxf6 {[%emt 0:00:30]} Re3+ {[%emt 0:00:30]} 34. Kb2 {[%emt 0:00:30]} Be6 {[%emt 0:00:35]} 35. Bc3 {[%emt 0:08:30]} c5 {[%emt 0:05:09]} 36. Rc1 {[%emt 0:09:30]} Re4 {[%emt 0:04:24]} 37. Bb5 {[%emt 0:10:54]} Rd6 {[%emt 0:02:52]} 38. g3 {[%emt 0:03:41]} Rb6 {[%emt 0:02:32]} 39. Bd3 {[%emt 0:00:58]} Re3 {[%emt 0:00:27]} 40. Kc2 {[%emt 0:00:00]} Bf5 {[%emt 0:00:00]} 41. Bxf5 {[%emt 0:02:57]} gxf5 {[%emt 0:04:01]} 42. Rd1 {[%emt 0:00:30]} Re2+ {[%emt 0:00:30]} 43. Kd3 {[%emt 0:00:30]} Rxa2 {[%emt 0:03:30]} 44. Kc4 {[%emt 0:00:30]} Ra3 {[%emt 0:04:30]} 45. Rd8+ {[%emt 0:04:30]} Kf7 {[%emt 0:00:30]} 46. Rd7+ {[%emt 0:00:30]} Kg6 {[%emt 0:02:30]} 47. Rg7+ {[%emt 0:00:30]} Kh6 {[%emt 0:00:30]} 48. Rg5 {[%emt 0:02:30]} Rb7 {[%emt 0:03:30]} 49. h3 {[%emt 0:04:30]} 1/2-1/2

[Event "28th CRO-chT 1B-Men 2019"]
[Site "Mali Losinj"]
[Date "2019.10.06"]
[Round "9.7"]
[White "Medvegy, Zoltan"]
[Black "Brkic, Ante"]
[Result "1/2-1/2"]
[WhiteElo "2539"]
[BlackElo "2600"]
[Annotator "TA"]
[PlyCount "37"]
[EventDate "2019.09.28"]
[EventType "team-tourn"]
[EventCountry "CRO"]
[SourceTitle "playchess.com"]
[Source "ChessBase"]
[SourceQuality "1"]

{[%evp 17,19,11,17,0]} 1. e4 e5 2. Nf3 Nc6 3. Nc3 Nf6 4. Bb5 Bb4 5. O-O O-O 6. d3 d6 7. Bg5 Bxc3 8. bxc3 h6 9. Bh4 Qe7 10. Bxc6 {C49: Four Knights: 4 Bb5 Bb4} (10. Re1 a6 11. Ba4 Nd8 12. d4 Ne6 13. dxe5 dxe5 14. Nxe5 Nc5 15. Nd3 Nxa4 16. e5 g5 17. exf6 Qxf6 18. Bg3 Nxc3 {0-1 (40) Popovic,D (2517)-Radjabov,T (2751) Batumi 2018}) {Predecessor:} 10... bxc6 $146 11. Nd2 g5 12. Bg3 Bg4 13. Qe1 Be6 14. Qe2 Nd7 15. d4 f6 16. Nc4 Nb6 17. Na5 Qf7 18. Rfd1 Bc4 19. Qe1 {½-½ (100) Bologan,V (2600)-Petrosian,T (2589) Moscow 2018} 1/2-1/2

[Event "28th CRO-chT 1B-Men 2019"]
[Site "Mali Losinj"]
[Date "2019.10.06"]
[Round "9.13"]
[White "Nagy, Gabor"]
[Black "Lenic, Luka"]
[Result "1-0"]
[WhiteElo "2476"]
[BlackElo "2644"]
[Annotator "RC"]
[PlyCount "65"]
[EventDate "2019.09.28"]
[EventType "team-tourn"]
[EventCountry "CRO"]
[SourceTitle "playchess.com"]
[Source "ChessBase"]
[SourceQuality "1"]
[TimeControl "40/5400+30:1800+30"]

1. d4 {[%emt 0:00:30]} Nf6 {[%emt 0:00:30]} 2. c4 {[%emt 0:00:30]} e6 {[%emt 0:00:00]} 3. Nf3 {[%emt 0:00:30]} d5 {[%emt 0:00:00]} 4. Nc3 {[%emt 0:00:30]} c5 {[%emt 0:00:30]} 5. cxd5 {[%emt 0:01:30]} Nxd5 {[%emt 0:00:30]} 6. e3 {[%emt 0:01:30]} Nc6 {[%emt 0:00:30]} 7. Bd3 {[%emt 0:00:30]} Be7 {[%emt 0:00:30]} 8. O-O {[%emt 0:00:30]} O-O {[%emt 0:02:30]} 9. a3 {[%emt 0:00:30]} b6 {[%emt 0:08:30]} 10. Qc2 {[%emt 0:06:30]} Nxc3 {[%emt 0:01:30]} 11. bxc3 {[%emt 0:01:30]} h6 {[%emt 0:03:30]} 12. Bb2 {[%emt 0:00:30]} Bb7 {[%emt 0:01:30]} 13. Rad1 {[%emt 0:01:30]} Qc7 {[%emt 0:06:30]} 14. e4 {[%emt 0:00:30]} Na5 {[%emt 0:01:30]} 15. Qe2 {[%emt 0:01:30]} Bf6 {[%emt 0:20:30]} 16. Rfe1 {[%emt 0:04:30]} Rac8 {[%emt 0:02:30]} 17. e5 {[%emt 0:03:30]} Be7 {[%emt 0:00:30]} 18. Nd2 {[%emt 0:00:30]} Rfd8 {[%emt 0:05:30]} 19. Qg4 {[%emt 0:00:30]} Bf8 {[%emt 0:00:30]} 20. Ne4 {[%emt 0:05:30]} cxd4 {[%emt 0:00:30]} 21. cxd4 {[%emt 0:00:30]} Kh8 {[%emt 0:02:30]} 22. Nd6 {[%emt 0:02:30]} Rxd6 {[%emt 0:04:30]} 23. exd6 {[%emt 0:00:30]} Qxd6 {[%emt 0:01:30]} 24. d5 {[%emt 0:02:30]} Bxd5 {[%emt 0:00:30]} 25. Re3 {[%emt 0:00:30]} Nc4 {[%emt 0:03:30]} 26. Bxc4 {[%emt 0:01:30]} Rxc4 {[%emt 0:00:30]} 27. Bxg7+ {[%emt 0:00:30]} Kh7 {[%emt 0:01:30]} 28. Bxf8 {[%emt 0:00:30]} Qxf8 {[%emt 0:00:00]} 29. Qe2 {[%emt 0:01:30]} Qg7 {[%emt 0:01:00]} 30. Rg3 {[%emt 0:00:30]} Qf6 {[%emt 0:00:30]} 31. h3 {[%emt 0:00:30]} b5 {[%emt 0:02:30]} 32. Qd3+ {[%emt 0:02:30]} Kh8 {[%emt 0:04:30]} 33. Qe3 {[%emt 0:00:30]} 1-0

[Event "28th CRO-chT 1B-Men 2019"]
[Site "Mali Losinj"]
[Date "2019.10.06"]
[Round "9.14"]
[White "Postny, Evgeny"]
[Black "Srbis, Jurica"]
[Result "1-0"]
[WhiteElo "2597"]
[BlackElo "2449"]
[Annotator "TA"]
[PlyCount "63"]
[EventDate "2019.09.28"]
[EventType "team-tourn"]
[EventCountry "CRO"]
[SourceTitle "playchess.com"]
[Source "ChessBase"]
[SourceQuality "1"]

{[%evp 22,64,54,54,65,40,39,27,50,50,126,136,150,99,82,84,115,102,99,102,119,76,79,82,69,71,83,31,113,113,132,120,120,118,120,114,121,104,523,516,628,627,607,563,5264]} 1. d4 Nf6 2. Nf3 g6 3. c4 Bg7 4. Nc3 O-O 5. e4 d6 6. Be2 e5 7. d5 a5 8. h3 Na6 9. Bg5 Nc5 10. Nd2 c6 11. O-O h6 12. Be3 Nfd7 {E92: King's Indian: Classical: 6 Be2 e5: 7 dxe5, 7 Be3 and Petrosian System without 7...Nbd7} (12... Bd7 13. b3 Nh7 14. a3 f5 15. f3 Ng5 16. b4 Na6 17. c5 dxc5 18. bxc5 f4 19. Bf2 Bxh3 20. Bxa6 Rxa6 21. gxh3 Nxh3+ {1-0 (43) Belous,V (2561)-Amonatov,F (2592) St Petersburg 2015}) 13. b3 f5 14. f3 f4 {White has an edge.} 15. Bf2 Bf6 $146 {[#]} (15... Rb8 $14) ({Predecessor:} 15... Nf6 16. a3 Nh5 17. b4 Nd7 18. Nb3 axb4 19. axb4 Rxa1 20. Qxa1 {1-0 (58) Baron,D-Cordier,F France 1992}) 16. a3 $1 $16 {[%cal Ba2a3,Ba3b4][%mdl 32]} Bh4 17. b4 (17. Bxh4 $142 Qxh4 18. b4 axb4 19. axb4 {[%mdl 64] Discovered Attack} Rxa1 20. Qxa1) 17... Bxf2+ 18. Rxf2 axb4 19. axb4 {[%mdl 64] Discovered Attack} Rxa1 20. Qxa1 Na6 21. dxc6 bxc6 22. c5 $1 Nxb4 23. cxd6 Qb6 24. Qb2 (24. Nc4 $16 Qd4 25. Qb2) 24... Qb8 (24... Qc5 $14) 25. Nc4 $36 {[%mdl 2048] White is on the roll.} Ba6 {[#]} 26. Na2 $1 {[%cal Ra2b4]} Nxa2 27. Qxa2 {aiming for Nxe5+.} Bxc4 28. Qxc4+ ({Don't take} 28. Bxc4+ Kg7 $14) 28... Kg7 29. Qxc6 Qa7 $2 {[%mdl 8192]} (29... Nb6 $16) 30. Bb5 $18 {White is clearly winning.} Rf7 31. Bc4 Rf6 {[#]} 32. Bd5 {Played: Kg1-h2} 1-0

[Event "28th CRO-chT 1B-Men 2019"]
[Site "Mali Losinj"]
[Date "2019.10.06"]
[Round "9.16"]
[White "Bukal, Vladimir Jr."]
[Black "Blagojevic, Marijan"]
[Result "1-0"]
[WhiteElo "2390"]
[BlackElo "2196"]
[Annotator "ChessBase"]
[PlyCount "79"]
[EventDate "2019.09.28"]
[EventType "team-tourn"]
[EventCountry "CRO"]
[SourceTitle "playchess.com"]
[Source "ChessBase"]
[SourceQuality "1"]
[TimeControl "40/5400+30:1800+30"]

1. d4 {[%emt 0:00:30]} Nf6 {[%emt 0:07:30]} 2. Bf4 {[%emt 0:00:00]} d5 {[%emt 0:00:30]} 3. e3 {[%emt 0:00:00]} e6 {[%emt 0:00:30]} 4. Nf3 {[%emt 0:00:30]} c5 {[%emt 0:00:30]} 5. Be2 {[%emt 0:00:30]} Bd6 {[%emt 0:01:30]} 6. dxc5 {[%emt 0:00:30]} Bxf4 {[%emt 0:00:30]} 7. exf4 {[%emt 0:00:00]} Qa5+ {[%emt 0:01:30]} 8. Nbd2 {[%emt 0:00:00]} Qxc5 {[%emt 0:00:30]} 9. O-O {[%emt 0:00:00]} O-O {[%emt 0:00:00]} 10. Nb3 {[%emt 0:00:00]} Qc7 {[%emt 0:00:00]} 11. g3 {[%emt 0:02:30]} Nc6 {[%emt 0:05:30]} 12. c3 {[%emt 0:02:30]} Bd7 {[%emt 0:03:30]} 13. Bd3 {[%emt 0:02:30]} Rfe8 {[%emt 0:05:30]} 14. Re1 {[%emt 0:00:30]} e5 {[%emt 0:05:30]} 15. Nxe5 {[%emt 0:04:30]} Nxe5 {[%emt 0:01:30]} 16. fxe5 {[%emt 0:00:30]} Rxe5 {[%emt 0:00:30]} 17. Rxe5 {[%emt 0:01:30]} Qxe5 {[%emt 0:00:30]} 18. Qe2 {[%emt 0:01:30]} Qd6 {[%emt 0:00:30]} 19. Nd4 {[%emt 0:04:30]} h5 {[%emt 0:02:30]} 20. Qe3 {[%emt 0:05:30]} Re8 {[%emt 0:02:30]} 21. Qg5 {[%emt 0:02:30]} Re5 {[%emt 0:13:30]} 22. Qf4 {[%emt 0:02:30]} Bg4 {[%emt 0:06:30]} 23. f3 {[%emt 0:09:30]} Bd7 {[%emt 0:06:30]} 24. Qd2 {[%emt 0:08:30]} h4 {[%emt 0:00:30]} 25. g4 {[%emt 0:00:30]} Qe7 {[%emt 0:04:30]} 26. Kg2 {[%emt 0:07:30]} Re3 {[%emt 0:06:30]} 27. Nc2 {[%emt 0:12:30]} h3+ {[%emt 0:01:30]} 28. Kf2 {[%emt 0:00:30]} Re5 {[%emt 0:13:19]} 29. Qf4 {[%emt 0:06:30]} Qd6 {[%emt 0:02:32]} 30. Qb4 {[%emt 0:03:30]} Qc7 {[%emt 0:01:18]} 31. Kg1 {[%emt 0:00:30]} Re4 {[%emt 0:03:57]} 32. fxe4 {[%emt 0:05:51]} dxe4 {[%emt 0:01:45]} 33. Be2 {[%emt 0:01:21]} Qf4 {[%emt 0:01:56]} 34. Qd4 {[%emt 0:07:39]} Nxg4 {[%emt 0:00:36]} 35. Bxg4 {[%emt 0:00:17]} Qxg4+ {[%emt 0:00:01]} 36. Kf1 {[%emt 0:00:37]} Qg2+ {[%emt 0:01:14]} 37. Ke1 {[%emt 0:00:05]} Bg4 {[%emt 0:00:15]} 38. Qf2 {[%emt 0:02:41]} e3 {[%emt 0:00:20]} 39. Nxe3 {[%emt 0:00:17]} Qh1+ {[%emt 0:00:30]} 40. Nf1 {[%emt 0:00:00]} 1-0

[Event "28th CRO-chT 1B-Men 2019"]
[Site "Mali Losinj"]
[Date "2019.10.06"]
[Round "9.17"]
[White "Machata, Martin"]
[Black "Ivekovic, Zvonimir"]
[Result "1-0"]
[WhiteElo "2179"]
[BlackElo "2405"]
[Annotator "ChessBase"]
[PlyCount "79"]
[EventDate "2019.09.28"]
[EventType "team-tourn"]
[EventCountry "CRO"]
[SourceTitle "playchess.com"]
[Source "ChessBase"]
[SourceQuality "1"]
[TimeControl "40/5400+30:1800+30"]

1. Nf3 {[%emt 0:06:30]} c5 {[%emt 0:00:30]} 2. g3 {[%emt 0:00:00]} b6 {[%emt 0:01:30]} 3. Bg2 {[%emt 0:00:00]} Bb7 {[%emt 0:00:00]} 4. O-O {[%emt 0:00:30]} Nf6 {[%emt 0:00:00]} 5. c4 {[%emt 0:00:00]} e6 {[%emt 0:00:30]} 6. b3 {[%emt 0:00:00]} Be7 {[%emt 0:02:30]} 7. Bb2 {[%emt 0:00:30]} O-O {[%emt 0:00:30]} 8. Nc3 {[%emt 0:01:30]} d5 {[%emt 0:01:30]} 9. e3 {[%emt 0:00:00]} Nc6 {[%emt 0:12:30]} 10. d3 {[%emt 0:01:00]} Qc8 {[%emt 0:08:30]} 11. Qe2 {[%emt 0:00:30]} a6 {[%emt 0:04:30]} 12. Rac1 {[%emt 0:04:30]} Rd8 {[%emt 0:01:30]} 13. Na4 {[%emt 0:09:30]} Qc7 {[%emt 0:05:30]} 14. cxd5 {[%emt 0:00:30]} exd5 {[%emt 0:01:30]} 15. d4 {[%emt 0:00:30]} c4 {[%emt 0:00:30]} 16. bxc4 {[%emt 0:20:30]} dxc4 {[%emt 0:00:30]} 17. Rxc4 {[%emt 0:16:30]} b5 {[%emt 0:00:00]} 18. Rc2 {[%emt 0:00:30]} bxa4 {[%emt 0:04:00]} 19. Ne5 {[%emt 0:00:30]} a3 {[%emt 0:00:30]} 20. Nxc6 {[%emt 0:07:30]} Bxc6 {[%emt 0:15:30]} 21. Rxc6 {[%emt 0:02:30]} Qd7 {[%emt 0:01:30]} 22. Ba1 {[%emt 0:01:30]} Nd5 {[%emt 0:00:30]} 23. Rfc1 {[%emt 0:06:30]} Rab8 {[%emt 0:00:30]} 24. e4 {[%emt 0:02:52]} Nb4 {[%emt 0:01:30]} 25. R6c4 {[%emt 0:02:24]} Rbc8 {[%emt 0:02:30]} 26. d5 {[%emt 0:00:20]} Rxc4 {[%emt 0:02:30]} 27. Qxc4 {[%emt 0:00:56]} Qb5 {[%emt 0:00:30]} 28. Bf1 {[%emt 0:04:47]} Qxc4 {[%emt 0:01:30]} 29. Bxc4 {[%emt 0:00:01]} Rc8 {[%emt 0:00:00]} 30. d6 {[%emt 0:00:11]} Bxd6 {[%emt 0:01:00]} 31. Bxf7+ {[%emt 0:00:08]} Kxf7 {[%emt 0:00:00]} 32. Rxc8 {[%emt 0:00:04]} Nxa2 {[%emt 0:01:00]} 33. Rc6 {[%emt 0:00:20]} Be7 {[%emt 0:00:30]} 34. Rxa6 {[%emt 0:00:22]} Nc1 {[%emt 0:00:30]} 35. Kg2 {[%emt 0:02:48]} Nb3 {[%emt 0:00:30]} 36. Bc3 {[%emt 0:01:32]} Nc5 {[%emt 0:01:30]} 37. Rxa3 {[%emt 0:00:18]} Nxe4 {[%emt 0:00:30]} 38. Rb3 {[%emt 0:00:15]} h5 {[%emt 0:00:30]} 39. Bd4 {[%emt 0:01:49]} g6 {[%emt 0:00:30]} 40. Rf3+ {[%emt 0:00:00]} 1-0

[Event "28th CRO-chT 1B-Men 2019"]
[Site "Mali Losinj"]
[Date "2019.10.06"]
[Round "9.19"]
[White "Sokolov, Ivan"]
[Black "Djukic, Nikola"]
[Result "1-0"]
[WhiteElo "2584"]
[BlackElo "2517"]
[Annotator "ChessBase"]
[PlyCount "71"]
[EventDate "2019.09.28"]
[EventType "team-tourn"]
[EventCountry "CRO"]
[SourceTitle "playchess.com"]
[Source "ChessBase"]
[SourceQuality "1"]
[TimeControl "40/5400+30:1800+30"]

1. d4 {[%emt 0:17:30]} Nf6 {[%emt 0:00:30]} 2. c4 {[%emt 0:00:30]} g6 {[%emt 0:00:00]} 3. Nc3 {[%emt 0:00:00]} Bg7 {[%emt 0:00:00]} 4. e4 {[%emt 0:00:00]} d6 {[%emt 0:00:00]} 5. Be2 {[%emt 0:00:30]} O-O {[%emt 0:00:00]} 6. Be3 {[%emt 0:00:00]} Nbd7 {[%emt 0:06:30]} 7. Nf3 {[%emt 0:05:00]} c6 {[%emt 0:07:30]} 8. h3 {[%emt 0:05:30]} a6 {[%emt 0:13:30]} 9. O-O {[%emt 0:11:30]} b5 {[%emt 0:00:30]} 10. cxb5 {[%emt 0:00:30]} axb5 {[%emt 0:05:30]} 11. a3 {[%emt 0:06:30]} Bb7 {[%emt 0:00:30]} 12. Qc2 {[%emt 0:00:00]} Qb8 {[%emt 0:03:30]} 13. Rfd1 {[%emt 0:00:00]} Rc8 {[%emt 0:00:30]} 14. Nd2 {[%emt 0:11:30]} c5 {[%emt 0:10:30]} 15. d5 {[%emt 0:01:30]} Ba6 {[%emt 0:00:30]} 16. Qb3 {[%emt 0:05:30]} c4 {[%emt 0:14:30]} 17. Qc2 {[%emt 0:00:00]} Nc5 {[%emt 0:00:00]} 18. Nf3 {[%emt 0:00:00]} Nfd7 {[%emt 0:03:00]} 19. Na2 {[%emt 0:00:00]} Nd3 {[%emt 0:04:30]} 20. Bd4 {[%emt 0:03:00]} N7c5 {[%emt 0:01:30]} 21. Bxg7 {[%emt 0:01:30]} Kxg7 {[%emt 0:00:00]} 22. Nb4 {[%emt 0:04:30]} Nxb4 {[%emt 0:06:00]} 23. axb4 {[%emt 0:00:30]} Nb3 {[%emt 0:00:30]} 24. Qc3+ {[%emt 0:00:30]} Kg8 {[%emt 0:00:30]} 25. Rab1 {[%emt 0:00:30]} Bb7 {[%emt 0:02:51]} 26. Re1 {[%emt 0:01:30]} Qc7 {[%emt 0:04:46]} 27. Bd1 {[%emt 0:02:30]} e6 {[%emt 0:00:38]} 28. dxe6 {[%emt 0:03:30]} fxe6 {[%emt 0:00:05]} 29. Ng5 {[%emt 0:00:30]} Qe7 {[%emt 0:04:06]} 30. Bg4 {[%emt 0:00:00]} Qxg5 {[%emt 0:01:13]} 31. Bxe6+ {[%emt 0:00:00]} Kf8 {[%emt 0:00:02]} 32. Bxc8 {[%emt 0:00:30]} Bxc8 {[%emt 0:00:15]} 33. Qh8+ {[%emt 0:00:30]} Ke7 {[%emt 0:01:46]} 34. Qxh7+ {[%emt 0:00:00]} Ke6 {[%emt 0:04:04]} 35. Re3 {[%emt 0:02:00]} Nd4 {[%emt 0:00:12]} 36. Qg8+ {[%emt 0:00:30]} 1-0

[Event "28th CRO-chT 1B-Men 2019"]
[Site "Mali Losinj"]
[Date "2019.10.06"]
[Round "9.20"]
[White "Bogut, Zeljko"]
[Black "Nemeth, Miklos"]
[Result "0-1"]
[WhiteElo "2386"]
[BlackElo "2488"]
[Annotator "ChessBase"]
[PlyCount "115"]
[EventDate "2019.09.28"]
[EventType "team-tourn"]
[EventCountry "CRO"]
[SourceTitle "playchess.com"]
[Source "ChessBase"]
[SourceQuality "1"]
[TimeControl "40/5400+30:1800+30"]

1. d4 {[%emt 0:00:30]} Nf6 {[%emt 0:00:30]} 2. Bg5 {[%emt 0:00:30]} Ne4 {[%emt 0:00:00]} 3. Bf4 {[%emt 0:00:00]} e6 {[%emt 0:00:00]} 4. Nd2 {[%emt 0:00:00]} Nxd2 {[%emt 0:00:30]} 5. Qxd2 {[%emt 0:00:30]} d5 {[%emt 0:01:30]} 6. Nf3 {[%emt 0:00:30]} Bd6 {[%emt 0:01:30]} 7. Bxd6 {[%emt 0:01:30]} Qxd6 {[%emt 0:00:30]} 8. e3 {[%emt 0:00:30]} O-O {[%emt 0:03:30]} 9. c4 {[%emt 0:01:30]} c6 {[%emt 0:06:30]} 10. Bd3 {[%emt 0:02:30]} Nd7 {[%emt 0:01:30]} 11. O-O {[%emt 0:00:30]} b6 {[%emt 0:12:30]} 12. Rac1 {[%emt 0:03:30]} Bb7 {[%emt 0:02:30]} 13. Rfd1 {[%emt 0:19:30]} f5 {[%emt 0:04:30]} 14. b4 {[%emt 0:02:30]} a5 {[%emt 0:08:30]} 15. c5 {[%emt 0:12:30]} Qe7 {[%emt 0:02:30]} 16. Rb1 {[%emt 0:14:30]} axb4 {[%emt 0:03:30]} 17. Rxb4 {[%emt 0:01:30]} Ra3 {[%emt 0:02:30]} 18. Rb2 {[%emt 0:08:30]} b5 {[%emt 0:09:30]} 19. Qc1 {[%emt 0:14:46]} Bc8 {[%emt 0:07:30]} 20. Rc2 {[%emt 0:02:24]} Ra7 {[%emt 0:01:30]} 21. Qb2 {[%emt 0:00:10]} g5 {[%emt 0:03:30]} 22. Be2 {[%emt 0:02:57]} f4 {[%emt 0:06:30]} 23. exf4 {[%emt 0:00:18]} Rxf4 {[%emt 0:00:30]} 24. g3 {[%emt 0:00:26]} Rf8 {[%emt 0:00:45]} 25. Qc1 {[%emt 0:01:41]} h6 {[%emt 0:00:49]} 26. Qe3 {[%emt 0:00:17]} Qf6 {[%emt 0:02:48]} 27. Ne5 {[%emt 0:04:12]} Nxe5 {[%emt 0:00:34]} 28. dxe5 {[%emt 0:00:01]} Qg7 {[%emt 0:01:31]} 29. Rd4 {[%emt 0:00:48]} Rf5 {[%emt 0:01:38]} 30. Bg4 {[%emt 0:04:46]} Rxe5 {[%emt 0:00:07]} 31. Qd2 {[%emt 0:00:23]} Qg6 {[%emt 0:02:15]} 32. Rb2 {[%emt 0:00:37]} Re4 {[%emt 0:01:05]} 33. Rxe4 {[%emt 0:00:33]} Qxe4 {[%emt 0:00:06]} 34. Rb4 {[%emt 0:00:07]} Qe5 {[%emt 0:01:45]} 35. Bd1 {[%emt 0:00:50]} Kg7 {[%emt 0:03:50]} 36. h4 {[%emt 0:00:15]} Rf7 {[%emt 0:07:08]} 37. hxg5 {[%emt 0:00:18]} hxg5 {[%emt 0:00:01]} 38. Rg4 {[%emt 0:00:53]} Kf6 {[%emt 0:00:22]} 39. Kg2 {[%emt 0:00:55]} Rg7 {[%emt 0:00:51]} 40. a4 {[%emt 0:00:00]} bxa4 {[%emt 0:00:00]} 41. Bxa4 {[%emt 0:03:53]} Qf5 {[%emt 0:03:25]} 42. Rb4 {[%emt 0:01:30]} Bd7 {[%emt 0:03:30]} 43. Bc2 {[%emt 0:16:03]} Qe5 {[%emt 0:00:00]} 44. Rb1 {[%emt 0:02:46]} d4 {[%emt 0:01:00]} 45. Qa5 {[%emt 0:02:01]} Qd5+ {[%emt 0:02:30]} 46. Kg1 {[%emt 0:00:26]} Rg8 {[%emt 0:01:30]} 47. Re1 {[%emt 0:03:04]} e5 {[%emt 0:03:30]} 48. Be4 {[%emt 0:01:01]} Qe6 {[%emt 0:00:00]} 49. Rb1 {[%emt 0:01:21]} Qg4 {[%emt 0:00:00]} 50. Re1 {[%emt 0:01:13]} Rc8 {[%emt 0:01:30]} 51. Qa7 {[%emt 0:00:52]} Bf5 {[%emt 0:01:30]} 52. Bg2 {[%emt 0:01:30]} d3 {[%emt 0:00:54]} 53. Qa1 {[%emt 0:01:02]} Qd4 {[%emt 0:01:23]} 54. Qd1 {[%emt 0:01:02]} d2 {[%emt 0:01:29]} 55. Rf1 {[%emt 0:00:31]} g4 {[%emt 0:01:37]} 56. Qb3 {[%emt 0:00:28]} Ra8 {[%emt 0:01:20]} 57. Rd1 {[%emt 0:00:38]} Ra1 {[%emt 0:00:15]} 58. Bf1 {[%emt 0:01:02]} 0-1

[Event "28th CRO-chT 1B-Men 2019"]
[Site "Mali Losinj"]
[Date "2019.10.06"]
[Round "9.21"]
[White "Krstic, Uros"]
[Black "Galic, Ivan"]
[Result "1/2-1/2"]
[WhiteElo "2354"]
[BlackElo "2414"]
[Annotator "TA"]
[PlyCount "47"]
[EventDate "2019.09.28"]
[EventType "team-tourn"]
[EventCountry "CRO"]
[SourceTitle "playchess.com"]
[Source "ChessBase"]
[SourceQuality "1"]

{[%evp 21,47,25,32,31,46,30,42,33,46,52,59,35,47,20,26,0,0,0,20,7,22,18,29,36,61,57,60,56]} 1. e4 c5 2. Nf3 e6 3. d4 cxd4 4. Nxd4 a6 5. Nc3 Qc7 6. g3 d6 7. Bg2 Bd7 8. O-O Nc6 9. Nxc6 Bxc6 10. Re1 Be7 11. Ne2 Nf6 12. Nd4 {B47: Sicilian: Taimanov: 5 Nc3 Qc7 6 f4, 6 g3 and 6 Be2} Bd7 13. c3 O-O 14. a4 {[%cal Ba2a4,Ba4a5][%mdl 32]} Rad8 $146 ({Predecessor:} 14... Rfd8 15. Qe2 Rac8 16. Bd2 Be8 17. f4 {½-½ (17) Brestian,E (2440)-Sommerbauer,N (2395) Moesern 1997}) 15. a5 Bc8 16. Qb3 Rfe8 17. Bg5 h6 18. Bxf6 (18. Bd2 {looks sharper.} Bd7 19. Qd1 e5 20. Nc2 Bg4 21. Qc1) 18... Bxf6 19. Nc2 Be7 20. Ne3 Bd7 21. Nc4 Bc6 22. Nb6 Bf8 23. Rad1 Qe7 24. Qc2 {Accuracy: White = 72%, Black = 34%.} 1/2-1/2

[Event "28th CRO-chT 1B-Men 2019"]
[Site "Mali Losinj"]
[Date "2019.10.06"]
[Round "9.22"]
[White "Bender, Ivan"]
[Black "Trbojevic, Mladen"]
[Result "0-1"]
[WhiteElo "2234"]
[BlackElo "2338"]
[Annotator "ChessBase"]
[PlyCount "63"]
[EventDate "2019.09.28"]
[EventType "team-tourn"]
[EventCountry "CRO"]
[SourceTitle "playchess.com"]
[Source "ChessBase"]
[SourceQuality "1"]
[TimeControl "40/5400+30:1800+30"]

1. d4 {[%emt 0:01:30]} d5 {[%emt 0:00:30]} 2. c4 {[%emt 0:00:30]} c6 {[%emt 0:00:00]} 3. Nc3 {[%emt 0:00:30]} Nf6 {[%emt 0:00:00]} 4. e3 {[%emt 0:00:00]} a6 {[%emt 0:01:30]} 5. Nf3 {[%emt 0:08:00]} Bf5 {[%emt 0:00:30]} 6. Be2 {[%emt 0:03:30]} e6 {[%emt 0:01:30]} 7. Nh4 {[%emt 0:00:30]} Be4 {[%emt 0:05:30]} 8. O-O {[%emt 0:10:30]} Nbd7 {[%emt 0:02:30]} 9. g3 {[%emt 0:05:30]} Be7 {[%emt 0:04:30]} 10. f3 {[%emt 0:07:30]} Bg6 {[%emt 0:02:30]} 11. Nxg6 {[%emt 0:04:30]} hxg6 {[%emt 0:00:30]} 12. Re1 {[%emt 0:10:30]} O-O {[%emt 0:16:30]} 13. Kg2 {[%emt 0:10:30]} dxc4 {[%emt 0:04:30]} 14. Bxc4 {[%emt 0:00:00]} e5 {[%emt 0:00:30]} 15. Bb3 {[%emt 0:08:00]} Qc7 {[%emt 0:09:30]} 16. Bd2 {[%emt 0:06:30]} Rad8 {[%emt 0:04:30]} 17. Qc2 {[%emt 0:05:28]} c5 {[%emt 0:02:30]} 18. dxc5 {[%emt 0:01:44]} Nxc5 {[%emt 0:06:30]} 19. Bc4 {[%emt 0:00:10]} b5 {[%emt 0:05:30]} 20. Bf1 {[%emt 0:01:58]} b4 {[%emt 0:01:30]} 21. Nd1 {[%emt 0:01:00]} e4 {[%emt 0:04:30]} 22. f4 {[%emt 0:07:36]} Qd7 {[%emt 0:01:30]} 23. Re2 {[%emt 0:00:20]} Nd3 {[%emt 0:04:38]} 24. Nf2 {[%emt 0:03:26]} Bc5 {[%emt 0:05:48]} 25. Qb1 {[%emt 0:02:07]} Qd5 {[%emt 0:02:51]} 26. Kg1 {[%emt 0:00:27]} g5 {[%emt 0:01:15]} 27. Nxd3 {[%emt 0:00:19]} exd3 {[%emt 0:00:32]} 28. Re1 {[%emt 0:00:51]} gxf4 {[%emt 0:01:55]} 29. gxf4 {[%emt 0:00:02]} Qf3 {[%emt 0:00:01]} 30. Bg2 {[%emt 0:01:00]} Qxf4 {[%emt 0:00:28]} 31. Kh1 {[%emt 0:00:28]} Qh4 {[%emt 0:00:37]} 32. h3 {[%emt 0:01:04]} 0-1